000
00298nam a2200121Ia 4500
008
220204s9999 xx 000 0 und d
082
_a
548.12
_b
JAF
100
_a
Jaffe, H H
245
0
_a
Symmetry in chemistry
260
_a
New York
_b
Wiley Eastern
_c
1965
700
_a
Orchin, Milton
942
_c
BK
999
_c
23636
_d
23636